000 00840cab a2200253 4500
001 WB2828-69
008 090401t1992 xxu||||| |||| 00| 0 eng d
035 _a(Sirsi) u60044
041 _aeng
245 _aFarm capital grants revised
260 _c1992
350 _a0
490 _aMAFF News Release
_v(221/92) 7 July 1992 (1)
520 _aA revised schedule of standard costs for materials and labour, for which farmers can claim under farm capital grants schemes, has been introduced by MAFF.
650 _aAGRICULTURAL IMPROVEMENT REGULATIONS
650 _aFARM AND CONSERVATION GRANT REGULATIONS
650 _aFARM AND CONSERVATION GRANT SCHEME
650 _aFARM CAPITAL GRANTS SCHEMES
650 _aGRANTS
650 _aWASTE HANDLING FACILITIES
690 _aRURAL PRACTICE
942 _n0
948 _c04/03/1997
999 _c36971
_d36971